MARC

LEADER 00000nam0a2200000 4500
001 66438
005 20251230131548.0
035 |a (RuTPU)RU\TPU\book\70621 
090 |a 66438 
100 |a 20040819d1979 m y0rusy50 ca 
101 0 |a rus 
102 |a RU 
105 |a a j 000zy 
200 1 |a Геология  |e учебник  |f А. И. Кравцов, А. П. Бакалдина 
210 |a Москва  |c Недра  |d 1979 
215 |a 343 с.  |c ил. 
606 |a Геология  |9 34054 
610 1 |a учебники 
610 1 |a общая геология 
610 1 |a кристаллография 
610 1 |a минералогия 
610 1 |a петрография 
610 1 |a историческая геология 
610 1 |a структурная геология 
610 1 |a СССР 
610 1 |a геологическое строение 
610 1 |a полезные ископаемые 
610 1 |a месторождения 
610 1 |a шахтная геология 
610 1 |a поиски 
610 1 |a разведка 
610 1 |a опробование 
610 1 |a подсчет 
675 |a 55  |v 3 
700 1 |a Кравцов  |b А. И.  |g Алексей Иванович 
701 1 |a Бакалдина  |b А. П.  |g Александра Петровна 
801 1 |a RU  |b 63413507  |c 20040819  |g PSBO 
801 2 |a RU  |b 63413507  |c 20210123  |g PSBO 
942 |c BK